| 000 | 00686nam a2200205 4500 | ||
|---|---|---|---|
| 001 | 148069 | ||
| 003 | ES-MaACL | ||
| 005 | 20230906202418.0 | ||
| 007 | t| | ||
| 008 | 070214s1965 mx r ||||1| spa d | ||
| 100 | 1 |
_aSpurway, M. A. _9107817 |
|
| 245 | 1 | 0 |
_aTransformadores industriales / _cM. A. Spurway ; traducción de Luis Ibáñez Morlán. |
| 260 |
_aMéxico : _b[s. n.], _c1965 ( _fUnión Tipográfica Editorial Hispano-Americana) |
||
| 300 |
_a144 p. : _bil. ; _c19 cm. |
||
| 490 | 1 | _aManuales técnicos uteha | |
| 700 | 1 |
_aIbáñez Morlán, Luis. _964937 |
|
| 830 | 0 |
_aManuales técnicos uteha _9187498 |
|
| 852 |
_aES-MaACL _jC-28540 _bR.58072 |
||
| 999 |
_c148069 _d148069 |
||